000
00343nam a2200133Ia 4500
008
151001s9999||||xx |||||||||||||| ||und||
100
_a
म स पारखे
245
_a
राजराजेश्वर परशुराम
250
_a
1
260
_b
ज.आ.मोंडकर
260
_c
1966
300
_a
123
365
_b
23
999
_c
960586
_d
960583